000 00923nam a2200253 a 4500
001 BRCA_4811
005 20190320204822.0
008 810522d1916----mx-#######---#000-0#spa-d
041 _aspa
044 _amx
050 4 _aQB9
_b.G36 2
_c1916
100 1 _aGama, Valentín
_912187
245 1 0 _aAnuario del Observatorio Astronómico Nacional de Tacubaya
_bpara el año de 1916
_cformado bajo la dirección de los ingenieros Valentín Gama y Joaquín Gallo.
260 _aMéxico
_bDepartamento de Imprenta de la Secretaría de Fomento
_c1916
300 _a297 p.
_bil.
_c18 cm.
440 0 _aAnuario del Observatorio Astronómico Nacional de Tacubaya
_912188
500 _aEstado físico: Libro deteriorado
500 _aVer también CFG67, L70, L170 y L213
500 _aCFG68
650 1 4 _aAstronomía
_vAnuario
_xObservaciones
_zMéxico
_912189
700 1 _aGallo, Joaquín
_912190
902 _aGFM
942 _2lcc
_cB
999 _c4507
_d4507